000 01337nam a2200313 c 4500
999 _c188525
_d188525
003 BLK
005 20230412115005.0
008 180411b bul|||||r ||||||| ||bul||
010 _aKNG00197543000
040 _aBLK
041 _aBUL
_cBUL
_hDEU
080 _aНемска литература
_b821.112.2
_x-31
_z821.112.2-31
080 _aНемска литература
_b821.112.2
_x-32
_z821.112.2-32
100 1 _aХорват, Йодьон фон
_eпърви автор
_9372021
139 _aХорват, Йодьон фон
_bХ 67
245 1 0 _aВечният еснаф
_bРазкази и романи
_cЙодьон фон Хорват; прев. от нем. Красимира Михайлова; с предг. от Венцеслав Константинов.
257 _aBGR
260 _aПловдив
_bХристо Г. Данов
_c1983
300 _a270 с.
_c20 см
380 _aX
500 _aОриг. загл. Der ewige Spieber / Odon von Horvarth
700 1 _aМихайлова, Красимира
_eпрев. от нем.
_9366538
700 1 _aКонстантинов, Венцеслав
_eс предг. от
_9367608
852 _aЦб 121547
856 4 _qpdf
_i0.00
_ldisable
856 4 _qpdf
_i0.00
_ldisable
942 _cKNG
_n0
_s1
944 _aCR
_c06.12.2016
_kХристина_Везирева
944 _aED
_c06.12.2016
_kХристина_Везирева
999 _d188525